Les Grands Écrivains #2 - Statistiques

Statistiques générales
  • Ce quiz a été pris 172 fois
  • Le résultat moyen est 10 sur 15
Statistiques - réponses
Hint Réponse % Correct
Madame Bovary Gustave Flaubert
90%
Le Bourgeois Gentilhomme Molière
88%
Le Chat Botté Charles Perrault
78%
Les Hauts de Hurlevent Emily Brontë
78%
Le Père Goriot Honoré de Balzac
78%
Le Château de ma mère Marcel Pagnol
76%
Oliver Twist Mark Twain
75%
Lettres Persanes Montesquieu
75%
Les Lettres de mon moulin Alphonse Daudet
73%
L'Amant Marguerite Duras
71%
Moby Dick Herman Melville
68%
Atala François-René de Châteaubriand
50%
La Cité des Dames Christine de Pizan
48%
Le Masque de la Mort Rouge Edgar Allan Poe
47%
Le Vicomte de Bragelonne Alexandre Dumas
45%
Aucun quiz correspondant
Distribution des résultats
% des personnes avec chaque résultat
Percentile par nombre de réponses
Votre historique - résultats
Vous n’avez pas pris ce quiz